| 000 | 00866nam a22001697a 4500 | ||
|---|---|---|---|
| 999 |
_c63353 _d63353 |
||
| 003 | Ge_BSU | ||
| 005 | 20250924161015.0 | ||
| 008 | 250924s1975 ge ||||| |||| 00| 0 geo d | ||
| 041 | _ageo | ||
| 080 | _a330.1(075.8) კ-55 | ||
| 245 |
_aპოლიტიკური ეკონომია : _bნაწ. 1. ნაკვ. 1. [სახელმძღვანელო ეკონომიკის ფაკულტეტის სტუდენტებისათვის] / _cა. ფანცხავას რედ. |
||
| 264 |
_aთბილისი : _b თბილისის უნ-ტის გამ-ბა, _c1975. |
||
| 300 |
_a443 გვ.; _b22 სმ. |
||
| 653 | _aპოლიტიკური ეკონომია | ||
| 700 |
_aფანცხავა, ა. _eრედაქტორი _925867 |
||
| 942 |
_2udc _cᲬᲘᲒᲜᲘ |
||